Bovis wastes no time getting back on top (Record no. 78685)
[ view plain ]
| 000 -LEADER | |
|---|---|
| fixed length control field | 00831cab a22001935a 4500 |
| 001 - CONTROL NUMBER | |
| control field | L137669 |
| 008 - FIXED-LENGTH DATA ELEMENTS--GENERAL INFORMATION | |
| fixed length control field | 070424e2007 xxk 000 0 eng d |
| 035 ## - SYSTEM CONTROL NUMBER | |
| System control number | (Sirsi) u137669 |
| 041 0# - LANGUAGE CODE | |
| Language code of text/sound track or separate title | eng |
| 100 1# - MAIN ENTRY--PERSONAL NAME | |
| Personal name | McCormick, Helen |
| 245 00 - TITLE STATEMENT | |
| Title | Bovis wastes no time getting back on top |
| 260 ## - PUBLICATION, DISTRIBUTION, ETC. | |
| Date of publication, distribution, etc. | 2007 |
| 490 #0 - SERIES STATEMENT | |
| Series statement | Contract Journal |
| Volume/sequential designation | 436(6621) 18 April 2007, 10-11(2) |
| 520 ## - SUMMARY, ETC. | |
| Summary, etc. | Bovis Lend Lease topped the new work winners monthly league table for March 2007, with Rok in second place and Morgan Sindall in third. Balfour Beatty remained at the top of the new work winners table for the past 12 months. March 2007 was a busy month in the housing sector, with several new entrants to the top 50 and sector tables. |
| 590 ## - LOCAL NOTE (RLIN) | |
| Local note | KA |
| 651 #4 - SUBJECT ADDED ENTRY--GEOGRAPHIC NAME | |
| Geographic name | GREAT BRITAIN |
| 690 ## - LOCAL SUBJECT ADDED ENTRY--TOPICAL TERM (OCLC, RLIN) | |
| Topical term or geographic name as entry element | BUILT ENVIRONMENT-CONSTRUCTION MARKET |
| 942 ## - ADDED ENTRY ELEMENTS (KOHA) | |
| Suppress in OPAC | 0 |
| Withdrawn status | Lost status | Source of classification or shelving scheme | Damaged status | Not for loan | Home library | Current library | Shelving location | Date acquired | Total Checkouts | Full call number | Barcode | Date last seen | Copy number | Price effective from | Koha item type |
|---|---|---|---|---|---|---|---|---|---|---|---|---|---|---|---|
| Dewey Decimal Classification | London | London | Journal article | 24/04/2007 | L137669 | 137669-1001 | 06/08/2019 | 1 | 06/08/2019 | Journal article |